LEADER 00899nam0 2200229 450 001 000022009 005 20090317113729.0 100 $a20090123d1964----km-y0itay50------ba 101 0 $aeng 102 $aUS 105 $ay-------001yy 200 1 $aSecurity of vessels and waterfront facilities$eTitle 33, C.F.R., parts 6, 121, 122, 124, 125, and 126$eJuly 1, 1964.$fby United States Coast guard 210 $aWashington$cU.S. Govt. Print. Off.$d1964 215 $a59 p.$d26 cm 500 10$aSecurity of vessels and waterfront facilities$946932 676 $a343.096$v21$9Regolamentazione e controllo dei trasporti per vie d'acqua 710 01$aStati Uniti d'America :$bCoast guard$0632862 801 0$aIT$bUNIPARTHENOPE$c20090123$gRICA$2UNIMARC 912 $a000022009 951 $aS 343.096/2$bS D, 309$cDSA$d2009 996 $aSecurity of vessels and waterfront facilities$946932 997 $aUNIPARTHENOPE LEADER 00916nam a2200241 i 4500 001 991001902149707536 005 20020503154750.0 008 010315s1939 it ||| | ita 035 $ab10288855-39ule_inst 035 $aEXGIL93396$9ExL 040 $aBiblioteca Interfacoltà$bita 082 0 $a937.07092 100 1 $aCastiglioni, Luigi$0440027 245 10$aAugusto; [di] Castiglioni-De Francisci [e] Marchesi-Paribeni 260 $aPadova :$bCEDAM,$c1939 300 $aIII, 73 p. ;$c25 cm. 600 14$aAugusto, Caio Giulio Cesare Ottaviano$c 907 $a.b10288855$b02-04-14$c27-06-02 912 $a991001902149707536 945 $aLE002 Busta C 36 11$g1$i2002000783462$lle002$o-$pE0.00$q-$rl$s- $t0$u0$v0$w0$x0$y.i10341614$z27-06-02 996 $aAugusto; Castiglioni-De Francisci e Marchesi-Paribeni$9210244 997 $aUNISALENTO 998 $ale002$b01-01-01$cm$da $e-$fita$git $h0$i1